Statistics for Страны Африки

Click here to take the quiz!

General Stats

  • This quiz has been taken 22 295 times
  • The average score is 36 of 54

Answers on the Map

Answers color-coded by a green-red scale on the quiz's map according to % correct below.
 

Answer Stats

Страна% Correct
Египет
97%
Алжир
94%
Южно-
Африканская
Республика
93%
Мадагаскар
92%
Нигер
91%
Нигерия
89%
Морокко
88%
Д. Р. Конго
84%
Сомали
83%
Ливия
83%
Тунис
82%
Судан
82%
Чад
81%
Република Конго
81%
Эфиопия
80%
Центрально-
африканская
республика
78%
Зимбабве
75%
Ангола
75%
Южный Судан
74%
Замбия
73%
Мали
72%
Кения
72%
Гвинея
71%
Мавритания
67%
Мозамбик
66%
Уганда
65%
Гана
65%
Эритрея
64%
Намибия
64%
Танзания
63%
Лесото
62%
Ботсвана
61%
Камерун
60%
Кот-д'Ивуар
60%
Того
60%
Сенегал
60%
Либерия
59%
Экваториальная
Гвинея
57%
Бенин
55%
Габон
54%
Руанда
54%
Эсватини
53%
Буркина-Фасо
51%
Джибути
51%
Гвинея-Бисау
50%
Бурунди
50%
Гамбия
49%
Маврикий
49%
Сейшельские
Острова
49%
Малави
47%
Сьерра-Леоне
44%
Кабо-Верде
42%
Коморы
40%
Сан-Томе
и Принсипи
34%

Score Distribution

Percentile by Number Answered

Percent of People with Each Score

Your Score History

You have not taken this quiz